[Event "Vaujany op-A 7th"]
[Site "Vaujany"]
[Date "2016.07.16"]
[Round "1"]
[White "Zenere, Gabriele"]
[Black "Le Corre, Benjamin"]
[Result "0-1"]
[WhiteElo "1931"]
[BlackElo "2323"]
[PlyCount "58"]
[EventDate "2016.07.16"]
[EventType "swiss"]
[EventRounds "9"]
[EventCountry "FRA"]
[SourceTitle "EXT 2019"]
[Source "ChessBase"]
[SourceDate "2018.10.10"]
[SourceVersion "1"]
[SourceVersionDate "2018.10.10"]
[SourceQuality "1"]

1. d4 Nf6 2. c4 g6 3. Nc3 Bg7 4. e4 d6 5. Nf3 0-0 6. h3 a6 7. Bd3 c6 8. Bg5 Nbd7 9. Qd2 b5 10. Bh6 e5 11. Bxg7 Kxg7 12. 0-0 Qe7 13. b4 Bb7 14. d5 bxc4 15. Bxc4 Nb6 16. Bb3 cxd5 17. exd5 Rfc8 18. Rfe1 Qd8 19. Rac1 Rc7 20. a4 Rac8 21. Red1 Nh5 22. g3 Nc4 23. Qe2 Na5 24. bxa5 Rxc3 25. Rb1 Qf6 26. Nd2 Nxg3 27. fxg3 Rxg3+ 28. Kh2 Qh4 29. Qf1 Rcc3 0-1

[Event "Torino Province-ch"]
[Site "Torino"]
[Date "2016.03.08"]
[Round "7"]
[White "Zenere, Gabriele"]
[Black "Parisi, Gianmario"]
[Result "1-0"]
[WhiteElo "1806"]
[BlackElo "1783"]
[PlyCount "41"]
[EventDate "2016.01.26"]
[EventType "swiss"]
[EventRounds "7"]
[EventCountry "ITA"]
[SourceTitle "EXT 2018"]
[Source "ChessBase"]
[SourceDate "2017.10.13"]
[SourceVersion "1"]
[SourceVersionDate "2017.10.13"]
[SourceQuality "1"]

1. d4 Nf6 2. c4 e6 3. Nf3 b6 4. a3 Bb7 5. Nc3 Be7 6. Qc2 0-0 7. e4 d5 8. e5 Nfd7 9. Bd3 g6 10. Bh6 Re8 11. cxd5 exd5 12. h4 c5 13. h5 cxd4 14. hxg6 fxg6 15. Bxg6 Bf6 16. 0-0-0 Nxe5 17. Bxh7+ Kh8 18. Nxd4 Nbd7 19. f4 Ng4 20. Qg6 Bxd4 21. Bg8 1-0

[Event "Torino Province-ch"]
[Site "Torino"]
[Date "2016.02.23"]
[Round "5"]
[White "Femia, Nicola"]
[Black "Zenere, Gabriele"]
[Result "1-0"]
[WhiteElo "1835"]
[BlackElo "1806"]
[PlyCount "75"]
[EventDate "2016.01.26"]
[EventType "swiss"]
[EventRounds "7"]
[EventCountry "ITA"]
[SourceTitle "EXT 2018"]
[Source "ChessBase"]
[SourceDate "2017.10.13"]
[SourceVersion "1"]
[SourceVersionDate "2017.10.13"]
[SourceQuality "1"]

1. e4 c5 2. Nf3 Nc6 3. d4 cxd4 4. Nxd4 g6 5. Be2 Bg7 6. Be3 Nf6 7. Nc3 0-0 8. 0-0 d5 9. exd5 Nxd5 10. Nxd5 Qxd5 11. Nxc6 Qxc6 12. c3 e5 13. Qb3 Be6 14. Qb5 Qxb5 15. Bxb5 Rfd8 16. a3 Bb3 17. Be2 f5 18. Bd1 Bc4 19. Re1 f4 20. Bc1 Rd6 21. Bf3 Rad8 22. g3 g5 23. h4 h6 24. Kg2 b6 25. hxg5 hxg5 26. a4 Re8 27. gxf4 gxf4 28. Bxf4 Ree6 29. Bg3 Rd2 30. Rad1 Rxb2 31. Rd7 a6 32. Rc7 Bb3 33. c4 Re8 34. Bd5+ Kf8 35. Re3 Re7 36. Rc8+ Re8 37. Rf3+ Ke7 38. Rf7+ 1-0

[Event "Torino Province-ch"]
[Site "Torino"]
[Date "2016.02.16"]
[Round "4"]
[White "Zenere, Gabriele"]
[Black "Di Chiara, Mauro"]
[Result "1-0"]
[WhiteElo "1806"]
[BlackElo "1936"]
[PlyCount "67"]
[EventDate "2016.01.26"]
[EventType "swiss"]
[EventRounds "7"]
[EventCountry "ITA"]
[SourceTitle "EXT 2018"]
[Source "ChessBase"]
[SourceDate "2017.10.13"]
[SourceVersion "1"]
[SourceVersionDate "2017.10.13"]
[SourceQuality "1"]

1. d4 Nf6 2. c4 g6 3. Nc3 Bg7 4. e4 d6 5. Nf3 0-0 6. h3 c5 7. Be3 cxd4 8. Nxd4 Nc6 9. Be2 Nxd4 10. Bxd4 Be6 11. 0-0 Qa5 12. Rc1 Rfc8 13. b3 a6 14. Qd3 Nd7 15. Bxg7 Kxg7 16. f4 Qc5+ 17. Kh1 Qa7 18. Bf3 Rab8 19. g4 h6 20. Qd2 f6 21. Nd5 Bxd5 22. exd5 b5 23. Rfe1 Nf8 24. g5 hxg5 25. fxg5 f5 26. h4 bxc4 27. bxc4 Re8 28. h5 gxh5 29. Bxh5 Ng6 30. Qc3+ Kf7 31. Bxg6+ Kxg6 32. Re6+ Kf7 33. g6+ Kg8 34. Qh3 1-0

[Event "Nichelino Berruto Memorial 19th"]
[Site "Nichelino"]
[Date "2016.02.12"]
[Round "1"]
[White "Zenere, Gabriele"]
[Black "Cadario, Mario"]
[Result "1-0"]
[WhiteElo "1806"]
[BlackElo "1575"]
[PlyCount "53"]
[EventDate "2016.02.12"]
[EventType "swiss"]
[EventRounds "6"]
[EventCountry "ITA"]
[SourceTitle "EXT 2018"]
[Source "ChessBase"]
[SourceDate "2017.10.13"]
[SourceVersion "1"]
[SourceVersionDate "2017.10.13"]
[SourceQuality "1"]

1. d4 d5 2. Nf3 Nf6 3. c4 c6 4. Nc3 e6 5. e3 Nbd7 6. Qc2 Bb4 7. Be2 Ne4 8. 0-0 Ndf6 9. Ne5 Nxc3 10. bxc3 Bd6 11. f4 0-0 12. Bd3 dxc4 13. Nxc4 Bc7 14. e4 b5 15. Ne3 g6 16. e5 Nd5 17. Rf3 Bb7 18. Be4 Rc8 19. Bxd5 cxd5 20. Ba3 Ba5 21. Bc5 a6 22. Ng4 Rxc5 23. Nf6+ Kg7 24. Rh3 Rh8 25. dxc5 Qc7 26. Rxh7+ Rxh7 27. Ne8+ 1-0

[Event "Torino Province-ch"]
[Site "Torino"]
[Date "2016.02.02"]
[Round "2"]
[White "Zenere, Gabriele"]
[Black "Finocchiaro, Gianluca"]
[Result "1/2-1/2"]
[WhiteElo "1806"]
[BlackElo "2023"]
[PlyCount "27"]
[EventDate "2016.01.26"]
[EventType "swiss"]
[EventRounds "7"]
[EventCountry "ITA"]
[SourceTitle "EXT 2018"]
[Source "ChessBase"]
[SourceDate "2017.10.13"]
[SourceVersion "1"]
[SourceVersionDate "2017.10.13"]
[SourceQuality "1"]

1. d4 d5 2. Nf3 Nc6 3. c4 Bg4 4. Nc3 dxc4 5. e3 e5 6. d5 Na5 7. Qa4+ c6 8. Nxe5 Nf6 9. dxc6 bxc6 10. Bxc4 Nxc4 11. Qxc4 Be6 12. Qxc6+ Bd7 13. Nxd7 Nxd7 14. Qf3 1/2-1/2

[Event "ITA-ch U16"]
[Site "Montesilvano"]
[Date "2015.07.01"]
[Round "4"]
[White "Lupi, Matthew"]
[Black "Zenere, Gabriele"]
[Result "1/2-1/2"]
[WhiteElo "1582"]
[BlackElo "1729"]
[PlyCount "40"]
[EventDate "2015.06.29"]
[EventType "swiss"]
[EventRounds "9"]
[EventCountry "ITA"]
[SourceTitle "EXT 2024"]
[Source "ChessBase"]
[SourceDate "2023.10.10"]
[SourceVersion "1"]
[SourceVersionDate "2023.10.10"]
[SourceQuality "1"]

1. e4 c5 2. Nf3 Nc6 3. Bc4 g6 4. 0-0 Bg7 5. c3 Qc7 6. d4 cxd4 7. cxd4 Nxd4 8. Bxf7+ Kxf7 9. Nxd4 Qe5 10. Nf3 Qc7 11. Qb3+ e6 12. Ng5+ Ke8 13. Qf3 Nf6 14. Bf4 e5 15. Rc1 Qa5 16. b4 Qxb4 17. Bxe5 Qe7 18. Qc3 d6 19. Bd4 Bd7 20. Nd2 Rc8 1/2-1/2